000 00541nam a2200193 a 4500
005 20220826112816.0
008 120627s2006 mx r 000 0 spa d
020 _a9789707311312
035 _aUPN01000185517
049 _aCG
050 4 _aPQ8519 B4
_bA4b
100 1 _aBenedetti, Mario,
_d1920-2009
245 1 3 _aEl amor, las mujeres y la vida /
_cMario Benedetti.
260 _aMéxico :
_bPunto de Lectura,
_c2006.
300 _a179 p.
440 0 _aPunto de lectura ;
_v11/4
650 7 _aPoesía uruguaya
_2
_91317
905 _aLibro
999 _c157620
_d157620